00785nam a22001697a 4500003000900000008004100009040007100050082001500121100002600136245004100162260004600203300004400249505021300293650001900506650002200525710006800547AR-CdUCM190506b ||||| |||| 00| 0 spa d aMUNICIPALIDAD PROVINCIAL DEL CUSCOcBIBLIOTECA MUNICIPAL DEL CUSCO a743 /bF89 aFuentes Lira, Mariano aValioso aporte a la cultura andina / aCusco : bEscuela de Bellas Artes,c1998. a144 páginas ;bIlustraciones,c22 cm. aContenido : Presencia de Mariano Fuentes Lira en el Cusco -- Faceta poética de Mariano Fuentes Lira -- El arte y la educación en Mariano Fuentes Lira -- Expresiones plásticas de Mariano Fuentes Lira... aEl indigenismo aEl arte y cultura aEscuela Superior Autónoma de Bellas Artes "Diego Quispe Tito"